000 00858nam a22002297a 4500
003 LC
005 20161103111420.0
008 161103b xxu||||| |||| 00| 0 eng d
020 _a9780736297547
050 _aHF 1379 .G562 2014
245 _aGlobalization
_ccontent consultant, Andrew J. Milson, Ph.D.
246 _aNational Geographic :
_bglobal issues
_iAt head of title:
300 _a3 volumes :
_bcolor illustrations, color map ;
_c25 cm.
490 _aGlobal issues
500 _aIncludes index.
500 _a"Three reading levels (on level, below level, and above level) to reach every student"--Publisher's Web site.
650 _aGlobalization
_xStudy and teaching (Middle school)
650 _aGlobalization
_vTextbook.
700 _aMilson, Andrew J.,
_econsultant.
710 _aNational Geographic Learning (Firm)
942 _2lcc
_cBK
999 _c305167
_d305167